LEADER 01511nam a2200301 u 4500 001 000000028012 003 CaOOAMICUS 005 20070226111743.0 008 960329s1995 it u000 u ita u 020 $a8837215673 035 $a10727535 040 $aIPA$bita$dPUL(R) 245 00$aAntonio Rosmini, filosofo del cuore? :$bphilosophia e theologia cordis nella cultura occidentale : atti del convengo tenuto a Rovereto il 6-7-8 ottobre 1993 /$ca cura di Giuseppe Beschin. 260 $aBrescia :$bMorcelliana,$cc1995. 300 $a617 p. ;$c23 cm 490 1 $aBibliotheca Rosminiana ;$v5 500 $aIn testa al front.: Istituto di scienze religiose in Trento. 600 14$aRosmini Serbati, Antonio,$cb.,$d1797-1855.$0(OLS)http://pul/subject/28 700 1 $aBeschin, Giuseppe.$0(OLS)http://pul/name/7888 710 2 $aIstituto di scienze religiose in Trento.$0(OLS)http://pul/name/399 830 0$aBibliotheca Rosminiana ;$v5.$0(OLS)http://pul/title/38267 850 $aPUL 852 $aPUL$W1$xSL Filosofia 1$y2$m93 B 60$j38950$nBK-PRI$b $qStampati$B38950$CPULBib$Z2$F38950 $H $81 941 1 $a8 961 $aINV: 74240 996 $6020$a8837215673$9(OLS)http://pul/number/34739 996 $6245$aAntonio Rosmini, filosofo del cuore? :$bphilosophia e theologia cordis nella cultura occidentale : atti del convengo tenuto a Rovereto il 6-7-8 ottobre 1993$9(OLS)http://pul/title/38266 996 $6260$aBrescia :$bMorcelliana$9(OLS)http://pul/publisher/47854 LEADER 01331nam a2200277 a 4500 001 000000141222 003 CaOOAMICUS 005 20150116125204.0 008 150116s2014 gw u001 u eng r 020 $z9783161536052* 040 $aPUL$bita 100 1 $aWorks, Carla Swafford.$0(OLS)http://pul/name/90922 245 14$aThe church in the wilderness :$bPaul's use of exodus traditions in 1 Corinthians /$cCarla Swafford Works. 260 $aTübingen :$bMohr Siebeck,$cİ2014. 300 $aXIII, 205 p. ;$c24 cm 490 1 $aWissenschaftliche Untersuchungen zum Neuen Testament. Reihe 2 ;$v379 504 $aInclude riferimenti bibliografici e indici. 630 04$aBiblia.$pN.T.$pAd Corinthios$xCritica e interpretazione.$0(OLS)http://pul/subject/25980 830 0$aWissenschaftliche Untersuchungen zum Neuen Testament.$nReihe 2 ;$v379.$0(OLS)http://pul/title/264 850 $aPUL 852 $aPUL$W1$xSL Religione 1$y3$m16 I 379$j163058$qStampati$B162865$CPULBib$Z2$F162865 $H125246 $82 941 1 $a8 996 $6020$z9783161536052*$9(OLS)http://pul/number/156716 996 $6245$aThe church in the wilderness :$bPaul's use of exodus traditions in 1 Corinthians$9(OLS)http://pul/title/178703 996 $6260$aTübingen :$bMohr Siebeck$9(OLS)http://pul/publisher/52004 LEADER 01218nam a2200301 a 4500 001 000000147988 003 CaOOAMICUS 005 20151204145715.0 008 151204s2015 it u000 u ita r 020 $a978-88-348-6279-7* 032 $aLibriCat 040 $aPUL$bita 082 04$a340.54 100 1 $aLambertini, Renzo.$0(OLS)http://pul/name/9270 245 10$aAvviamento allo studio testuale del diritto romano /$cRenzo Lambertini. 260 $aTorino :$bG. Giappichelli,$cİ2015. 300 $aVIII, 211 p. ;$c24 cm. 500 $aContiene indici. 504 $aBibliografia p. [183]-191. 650 4$aDiritto romano$xStoria$xFonti.$0(OLS)http://pul/subject/1688 850 $aPUL 852 $aPUL$W1$xSL Diritto e Scienze Sociali 3$y79$m340. 54 LAMRE 3$j170777$qDDC 21$B171807$CPULBib$Z2$F171807 $H126598 $81 941 1 $a9 996 $6020$a978-88-348-6279-7*$9(OLS)http://pul/number/159202 996 $6082$a340.54$9(OLS)http://pul/classification/477 996 $6245$aAvviamento allo studio testuale del diritto romano$9(OLS)http://pul/title/186733 996 $6260$aTorino :$bG. Giappichelli$9(OLS)http://pul/publisher/49130